Diffusion of new technologies and productivity growth in agriculture: Natural rubber vs coconuts (Record no. 57204)

MARC details
000 -LEADER
fixed length control field 00449nam a2200145Ia 4500
100 ## - MAIN ENTRY--AUTHOR NAME
Personal name Sunil Mani
245 #0 - TITLE STATEMENT
Title Diffusion of new technologies and productivity growth in agriculture: Natural rubber vs coconuts
260 ## - PUBLICATION, DISTRIBUTION, ETC. (IMPRINT)
Name of publisher Economic and Political Weekly
Year of publication 2011
300 ## - PHYSICAL DESCRIPTION
Number of Pages 58-63
500 ## - GENERAL NOTE
General note Source Year: 2011
650 ## - SUBJECT ADDED ENTRY--TOPICAL TERM
Topical Term Natural rubber productivity
700 ## - ADDED ENTRY--PERSONAL NAME
Personal name Santhakumar V
942 ## - ADDED ENTRY ELEMENTS (KOHA)
Koha item type Journals
Holdings
Withdrawn status Lost status Damaged status Not for loan Home library Current library Shelving location Date acquired Serial Enumeration / chronology Koha item type
      Journals RRII Library RRII Library Economics 04/08/2011 Volume XLVI, Issue 6 Journals